00759nam a2200229 a 450000100100000000500170001000800410002704000250006808200150009310000240010824500440013226000360017630000280021250400290024059000260026965000220029560000200031765000240033791000380036195201130039999900170051200002745520240510073819.0110331s1972 dr a 001 0 spa d aDO-SdBNPbspacBNPHU a230bN714d1 aNina, Carlos95452313aUna doctrina que transformó al mundo. aSanto Domingo :bTaller,c1972. a148 p. :bil. ;c22 cm. aBibliografía : p. 148. aInventariado, 2018/BT 0aCristianismo988504aJESUCRISTO9444 0aVida cristiana9668 aValidado. Control de calidad. EMS 0010718PDaPDbPDcHDd2011-03-31iLF1l0o230 N714dp27455-10r2020-06-25w2020-06-25yLFPDZNo se presta c26947d26947